| 000 | 00709nam a2200217Ia 4500 | ||
|---|---|---|---|
| 003 | GCL | ||
| 008 | 140319s9999 xx 000 0 ara d | ||
| 040 |
_aGCL / _cGCL |
||
| 082 | 0 | 4 |
_a181.4 _bش ف |
| 100 | 1 | _aيوسف شلب الشام | |
| 245 | 1 | 0 |
_aفكر الهند: كبار مفكرى الهند ومذاهبهم على مر العصور / _cيوسف شلب الشام |
| 700 | 1 | _aشويتزر، البير | |
| 300 | _a224 ص | ||
| 490 |
_aالهيئة العامة للاستعلامات _v0 |
||
| 650 | 0 | 4 | _aالفلسفة |
| 650 | 0 | 4 | _aالبوذية |
| 650 | 0 | 4 | _aالهندوسية |
| 650 | 0 | 4 | _aالفلسفة الشرقية |
| 650 | 0 | 4 | _aالفلسفة الهندية |
| 942 |
_2ddc _cBK |
||
| 999 |
_c48958 _d48958 |
||